00279nam a22000977a 4500008004100000020001500041050002300056245005400079300001000133710003800143201112b xxu||||| |||| 00| 0 eng d a1974620494 aBS1140.2b.G73 c.1 aOld Testament Survey bTents, Temples and Palaces a296p. aGrace Bible College and Seminary